000 00376nam a22001577a 4500
003 SGT
020 _a9788126516568
082 _a539.21
_bHAL
100 _aHALZEN,FRANCIS
245 _aQUARKS & LEPTONS : AN INTRODUCTORY COURSE IN MODERN PRACTICLE PHYSICS.
250 _a1ST
260 _aNEW DELHI
_bWILEY
_c2016
300 _a396
650 _aPHYSICS
942 _2ddc
_cBK
999 _c24982
_d24982